Применение АВМ для расчета переходных процессов в схеме с вентилями; Вопросы теории и применения математического моделирования

Detalles Bibliográficos
Parent link:Вопросы теории и применения математического моделирования.— 1965.— С. 490-493
Autor Principal: Кочегуров В. А. Владимир Александрович
Outros autores: Терещенко А. А.
Idioma:ruso
Publicado: 1965
Subjects:
Formato: MixedMaterials Capítulo de libro
KOHA link:https://koha.lib.tpu.ru/cgi-bin/koha/opac-detail.pl?biblionumber=175815

MARC

LEADER 00000naa2a2200000 4500
001 175815
005 20231031165146.0
035 |a (RuTPU)RU\TPU\book\190613 
035 |a RU\TPU\tpu\4849 
090 |a 175815 
100 |a 20100217d1965 k y0rusy50 ca 
101 0 |a rus 
102 |a RU 
200 1 |a Применение АВМ для расчета переходных процессов в схеме с вентилями  |f В. А. Кочегуров, А. А. Терещенко 
463 1 |0 (RuTPU)RU\TPU\book\71395  |t Вопросы теории и применения математического моделирования  |f Под ред. И. М. Витенберга ; Г. М. Петрова; Г. Е. Пухова  |v С. 490-493  |d 1965  |p 647 с. 
610 1 |a радиоэлектроника 
610 1 |a труды учёных ТПУ 
700 1 |a Кочегуров  |b В. А.  |c математик  |c профессор Томского политехнического университета  |f 1931-  |g Владимир Александрович  |2 stltpush  |3 (RuTPU)RU\TPU\pers\13833 
701 1 |a Терещенко  |b А. А. 
801 0 |a RU  |b 63413507  |c 20011210  |g PSBO 
801 2 |a RU  |b 63413507  |c 20130325  |g PSBO 
942 |c BK